Statistiques concernant Films avec Pierre Richard par image

Cliquez ici pour prendre le quiz!

Statistiques générales

  • Ce quiz a été pris 66 fois
  • Le résultat moyen est 8 sur 16

Statistiques - réponses

Réponse% Correct
Astérix et Obélix : L'Empire du Milieu
97%
Le Grand Blond avec une chaussure noire
92%
La Chèvre
85%
Le Jouet
85%
Les Compères
73%
Les Fugitifs
63%
Le Petit Spirou
47%
Le Coup du parapluie
39%
La Moutarde me monte au nez
32%
Les Vieux Fourneaux
31%
La Ch'tite Famille
27%
Jeanne du Barry
23%
La Carapate
19%
La Course à l'échalote
19%
Le Distrait
18%
Mes héros
5%

Distribution des résultats

Percentile par nombre de réponses

% des personnes avec chaque résultat

Votre développement - résultats

Vous n’avez pas pris ce quiz